Washington Huskies Football Trivia - Statistics

General Stats
  • This quiz has been taken 292 times
  • The average score is 8 of 15
Answer Stats
Hint Answer % Correct
Conference that Washington joined in 2024 Big Ten
98%
Washington's other major rival besides Washington State Oregon
97%
Team colors Purple
97%
Team colors Gold
89%
Star quarterback of the 2023 team Michael Penix Jr.
85%
Name of the annual Washington vs. Washington State game {Apple} Cup
84%
Quarterback from 1975–1977 who later became a star for the Oilers Warren Moon
66%
Head coach who led the Huskies to the title game in the 2023 season Kalen DeBoer
50%
All-time leader in passing yards (2015–2018) Jake Browning
47%
Team fight song {Bow} {Down} to Washington
27%
Coach who led the Huskies to a national title in 1991 Don James
25%
All-time leader in rushing yards (2015–2018) Myles Gaskin
25%
Defensive lineman on the 1991 team who was the #1 overall NFL draft pick Steve Emtman
22%
Safety / linebacker / running back who won the Paul Hornung Award as the NCAA's most versatile player in 2014 Shaq Thompson
16%
Running back who rushed for a NCAA record 222 rushing yards in a single quarter against San Jose State in 1996 Corey Dillon
12%
No matching quizzes found
Score Distribution
Percent of People with Each Score
Percentile by Number Answered
Your Score History
You have not taken this quiz